Presentación de estados contables (Registro nro. 1107)

Detalles MARC
000 -LEADER
fixed length control field 01475 a2200241 4500
001 - CONTROL NUMBER
control field 23345
005 - DATE AND TIME OF LATEST TRANSACTION
control field 20260407155522.0
008 - FIXED-LENGTH DATA ELEMENTS--GENERAL INFORMATION
fixed length control field 260407a2009 arg spa d
003 - CONTROL NUMBER IDENTIFIER
control field AR-UNSa-BCEJYS
040 ## - CATALOGING SOURCE
Original cataloging agency AR-UNSa-BCEJYS
Language of cataloging spa
Transcribing agency AR-UNSa-BCEJYS
080 ## - UNIVERSAL DECIMAL CLASSIFICATION NUMBER
Universal Decimal Classification number 657.3
Common auxiliary subdivision Presupuestos. Cierre de Cuentas. Balances (Estados Contables)
020 ## - INTERNATIONAL STANDARD BOOK NUMBER
International Standard Book Number 978-987-01-0956-3
100 1# - MAIN ENTRY--PERSONAL NAME
Personal name Paulone, Héctor Mauricio
245 10 - TITLE STATEMENT
Title Presentación de estados contables
250 ## - EDITION STATEMENT
Edition statement 2a. ed
264 #1 - PRODUCTION, PUBLICATION, DISTRIBUTION, MANUFACTURE, AND COPYRIGHT NOTICE
Place of production, publication, distribution, manufacture Buenos Aires :
Name of producer, publisher, distributor, manufacturer Errepar
Date of production, publication, distribution, manufacture, or copyright notice 2009
300 ## - PHYSICAL DESCRIPTION
Extent 194 p.
Dimensions 27 cm
505 ## - FORMATTED CONTENTS NOTE
Formatted contents note 1. Normas contables - 2. Normas generales de exposición contable. Resolución técnica Nº 8 - 3. Normas particulares de exposición contable para entes comerciales, industriales y de servicio. Resolución técnica Nº 9 - 4. Normas particulares de exposición contable para entes sin fines de lucro. Resolución técnica Nº 11 - 5. Normas particulares de exposición contable para entes cooperativos. Resolución técnica Nº 24 - 6. Las Normas internacionales de contabilidad - 7. El estado de flujo de efectivo - 8. Información comparativa - 9. Información por segmentos - 10. Análisis de estados contables - 11. La resolución 6/2006 de la IGJ y la memoria anual.<br/>
590 ## - LOCAL NOTE (RLIN)
Local note niveau_biblio:m niveau_hierar:0
700 1# - ADDED ENTRY--PERSONAL NAME
Personal name Veiras, Alberto
856 41 - ELECTRONIC LOCATION AND ACCESS
Uniform Resource Identifier <a href="https://biblioeco.unsa.edu.ar/pmb/images/libros/Presentacion de estados contables2-l117845.jpg">https://biblioeco.unsa.edu.ar/pmb/images/libros/Presentacion de estados contables2-l117845.jpg</a>
Link text Imagen de portada
Electronic format type image/jpeg
942 ## - ADDED ENTRY ELEMENTS (KOHA)
Koha item type
Existencias
Withdrawn status Lost status Damaged status Not for loan Home library Current library Shelving location Date acquired Total checkouts Full call number Barcode Date last seen Price effective from Koha item type Public note
        Biblioteca Prof. Eusebio Cleto del Rey Biblioteca Prof. Eusebio Cleto del Rey   07/04/2026   657.3 P324 2ed. L117851 07/04/2026 07/04/2026 Libro PÁG 8 CON LÁPIZ - 1° PÁG ARRUGADA
        Biblioteca Prof. Eusebio Cleto del Rey Biblioteca Prof. Eusebio Cleto del Rey   07/04/2026   657.3 P324 2ed. L117854 07/04/2026 07/04/2026 Libro CANTO MANCHADO - HOJAS MANCHADAS - UN POCO HÚMEDO EN LAS ÚLTIMAS PÁGINAS - LÁPIZ
        Biblioteca Prof. Eusebio Cleto del Rey Biblioteca Prof. Eusebio Cleto del Rey   07/04/2026   657.3 P324 2ed. L117848 07/04/2026 07/04/2026 Libro CANTO MACHADO CON ROJO Y MARRÓN - PÁGINAS 65 A 68 CON MANCHA
        Biblioteca Prof. Eusebio Cleto del Rey Biblioteca Prof. Eusebio Cleto del Rey   07/04/2026   657.3 P324 2ed. L117852 07/04/2026 07/04/2026 Libro CANTO MANCHADO - PÁG XI MANCHADA - HÚMEDO EN CANTO SUPERIOR DERECHO
        Biblioteca Prof. Eusebio Cleto del Rey Biblioteca Prof. Eusebio Cleto del Rey   07/04/2026   657.3 P324 2ed. L117845 07/04/2026 07/04/2026 Libro HOJAS 65 A 73 HÚMEDAS
        Biblioteca Prof. Eusebio Cleto del Rey Biblioteca Prof. Eusebio Cleto del Rey   07/04/2026   657.3 P324 2ed. L117849 07/04/2026 07/04/2026 Libro RESALTADOR VERDE PÁG 25,27,65, 73 A 75 - UN POCO HÚMEDO
        Biblioteca Prof. Eusebio Cleto del Rey Biblioteca Prof. Eusebio Cleto del Rey   07/04/2026   657.3 P324 2ed. L117847 07/04/2026 07/04/2026 Libro SUBRAYADO CON LÁPIZ NEGRO Y FIBRA ROSA ( PÁG 1 A 36) - HOJAS HÚMEDAS (CENTRO LADO DERECHO)